000 00824 a2200205 4500
003 Nust
005 20240925094648.0
010 _a 2003048622
020 _a9780273769088
040 _cNust
082 0 0 _a621.317,RAS
100 1 _aRashid, M. H.
_99011
245 1 0 _aPower electronics: circuits, devices, and applications /
_cMuhammad H. Rashid.
250 _a4th ed.
260 _aUpper Saddle River, N.J. :
_bPearson/Prentice Hall,
_cc2018.
300 _axxiv, 880 p. :
_bill. ;
_c24 cm.
505 _aPart.1 Power Diodes and Rectifiers (Page-59), Part.II Power Transistors and DC-DC Converters (Page-158), Part.III Inverters (Page-306), Part IV. Thyristors and Thyristorized Coverts (Page-467), Part. IV Power Electronics Applications and Protections (Page-626).
650 0 _aPower electronics.
942 _2ddc
_cBK
999 _c180314
_d180314